Logo BPK

Biblioteka

Politechniki Koszalińskiej

Kryteria procesu stabilizacji tlenowej osadów ściekowych / (Rekord nr 21812)

Szczegóły MARC
000 -ETYKIETA REKORDU
podpole kontrolne o stałej długości 00449nam a2200157 i 4500
001 - NUMER KONTROLNY REKORDU
pole kontrolne bg
040 ## - ŹRÓDŁO KATALOGOWANIA
Instytucja, która utworzyła rekord BPK
041 ## - KOD JĘZYKA
Kod języka tekstu pol
008 - POLE O STAŁEJ DŁUGOŚCI - DANE KONTROLNE
podpole kontrolne o stałej długości s pl f |000 0 pol
100 1# - NAZWA OSOBOWA
Nazwa osobowa Żabowski, Józef
245 10 - TYTUŁ/ODPOWIEDZIALNOŚĆ
Tytuł Kryteria procesu stabilizacji tlenowej osadów ściekowych /
Pozostałe elementy strefy tytułu i oznaczenia odpowiedzialności J. Żabowski, E. Fijałkowski, A. Królikowski.
260 ## - STREFA ADRESU WYDAWNICZEGO
Miejsce wydania Warszawa,
Data publikacji, dystrybucji/powstania dokumentu 1975.
700 1# - HASŁO DODATKOWE - NAZWA OSOBOWA
Nazwa osobowa Fijałkowski, Eugeniusz.
700 1# - HASŁO DODATKOWE - NAZWA OSOBOWA
Nazwa osobowa Królikowski, A.
856 ## - LOKALIZACJA I DOSTĘP DO ELEKTRONICZNYCH DOKUMENTÓW ZDALNYCH
Link (URL) http://koha.tu.koszalin.pl/cgi-bin/koha/opac-detail.pl?biblionumber=21812
Tekst linku Katalog online BPK
942 ## - DODATKOWE ELEMENTY (KOHA)
Typ dokumentu Książka
Egzemplarze
Wycofany Status egzemplarza Uszkodzony Dostępność Lokalizacja stała Lokalizacja bieżąca Miejsce przechowywania Sygnatura Kod kreskowy Typ dokumentu
      Dostępny Biblioteka Politechniki Koszalińskiej Biblioteka Politechniki Koszalińskiej Wypożyczalnia BG 30670 01564419 Książka
© 2023 Biblioteka Politechniki Koszalińskiej :: KOHA